000 00792nas a2200289 4500
001 BR9502841
003 BR-BrBNA
005 20231205094031.0
007 ta
008 230509b bl.|||p| |||| 00| 00por d
040 _aBR-BrBNA
_bpor
_cBiblioteca Nacional de Agricultura
041 _a(Pt)
072 _aF04
100 1 _aLorenzetti, J.M.
100 1 _aRodrigues, J.C.
100 1 _aMorales, S.H.
100 1 _aDemotte, J.L.I.
245 1 _aUso de calcario e gesso em soqueira de cana-de-acucar
650 _aCana de Acucar
650 _aSoca
650 _aCalcario
650 _aGesso
650 _aRendimento
773 0 _tSTAB (Brazil)
_xISSN 0102-1214
_g(Jan-Feb 1992), v. 10(3) p. 14-18
_wBR9502841
909 _a202311
_bLúcia
_c55
_dLúcia Elande
942 _2AGRIS
_n0
_cANA
999 _c141682
_d141682